Tutti i comuni dell'Umbria (con mappa) - Statistics

Statistiche generali
  • Questo quiz è stato fatto 504 volte
  • Il punteggio medio è 36 su 92
Risposte nella Mappa
Le risposte nella mappa del quiz sottostante sono codificate secondo una scala di colori dal rosso al verde in base alla % di persone che hanno risposto correttamente.
 
Statistiche sulle risposte
Comune Provincia % Corretto
Perugia PG
99%
Terni TN
95%
Assisi PG
85%
Spoleto PG
85%
Gubbio PG
84%
Città di Castello PG
78%
Foligno PG
77%
Norcia PG
77%
Orvieto TN
75%
Narni TN
67%
Todi PG
66%
Spello PG
61%
Umbertide PG
58%
Castiglione del Lago PG
54%
Gualdo Tadino PG
53%
Bastia Umbra PG
52%
Cascia PG
52%
Amelia TN
51%
Passignano sul Trasimeno PG
51%
Deruta PG
50%
Bevagna PG
48%
Città della Pieve PG
48%
Trevi PG
48%
Corciano PG
45%
Tuoro sul Trasimeno PG
45%
Giano dell'Umbria PG
44%
Magione PG
44%
Nocera Umbra PG
44%
Marsciano PG
43%
Fabro TN
42%
Montefalco PG
39%
Acquasparta TN
38%
San Gemini TN
38%
Gualdo Cattaneo PG
37%
Torgiano PG
37%
Campello sul Clitunno PG
36%
Valfabbrica PG
36%
Bettona PG
34%
Cannara PG
34%
San Giustino PG
34%
Valtopina PG
34%
Fossato di Vico PG
33%
Massa Martana PG
33%
Monteleone di Spoleto PG
33%
Monteleone d'Orvieto TN
33%
Panicale PG
33%
Sigillo PG
33%
Ficulle TN
32%
Pietralunga PG
32%
Preci PG
32%
Scheggino PG
32%
Cerreto di Spoleto PG
31%
Piegaro PG
31%
Allerona TN
30%
Costacciaro PG
30%
Montecastrilli TN
30%
Montone PG
30%
Scheggia e Pascelupo PG
30%
Collazzone PG
29%
Giove TN
29%
San Venanzo TN
29%
Sellano PG
29%
Arrone TN
28%
Attigliano TN
28%
Calvi dell'Umbria TN
28%
Citerna PG
28%
Ferentillo TN
28%
Castel Ritaldi PG
27%
Fratta Todina PG
27%
Lisciano Niccone PG
27%
Paciano PG
27%
Stroncone TN
27%
Vallo di Nera PG
27%
Baschi TN
26%
Otricoli TN
26%
Poggiodomo PG
26%
Monte Santa Maria Tiberina PG
25%
Sant'Anatolia di Narco PG
25%
Monte Castello di Vibio PG
23%
Penna in Teverina TN
23%
Porano TN
23%
Alviano TN
22%
Polino TN
22%
Guardea TN
21%
Montecchio TN
21%
Castel Viscardo TN
20%
Montefranco TN
20%
Montegabbione TN
20%
Parrano TN
20%
Lugnano in Teverina TN
16%
Castel Giorgio TN
15%
Avigliano Umbro TN
14%
Nessun quiz corrispondente trovato
Distribuzione punteggi
Percentuale di utenti per punteggio
Percentile per numero di risposta
I tuoi punteggi nel tempo
Non hai fatto questo quiz